000 00876nam a22002297a 4500
999 _c3912
_d3912
005 20251125232749.0
008 s2538 th tha d
020 _a9746325027
040 _aNALT
041 _atha
050 _aHF5657 ด218ก 2538
100 0 _aดวงมณี โกมารทัต
245 1 0 _aการบัญชีต้นทุน / ดวงมณี โกมารทัต [5th]
260 3 _aกรุงเทพฯ :
_bสำนักพิมพ์จุฬาลงกรณ์มหาวิทยาลัย,
_c2538
300 _a423 หน้า :
_b ภาพประกอบ ;
_c 26 ซม.
650 0 4 _aการบัญชี
650 0 4 _aการบัญชีต้นทุน
850 _aNALT
856 4 0 _uhttps://hdl.handle.net/20.500.14156/462390
_71
942 _cGB
_2lcc